América: un don de la creación

Na minha lista:
Detalhes bibliográficos
Autor Corporativo: Corporación Despertar (Author)
Formato: Livro
Idioma:espanhol
Publicado em: Santiago Despertar 1996
Edição:1a. ed
Assuntos:
Tags: Adicionar Tag
Sem tags, seja o primeiro a adicionar uma tag!

MARC

LEADER 00000cam a2200000 a 4500
001 UCD4012
003 CL-VaPUC
008 160623e19960000cl |||||||||||||||||spa|d
020 |a 9567268126 
082 0 4 |a 910  |b COR  |2 21 
110 2 |a Corporación Despertar  |e author  |9 587626 
245 1 0 |a América: un don de la creación 
250 |a 1a. ed 
300 |a 136 p 
942 |c BK 
945 |d 20160623 20:48:00  |a dcastane 
260 |a Santiago  |b Despertar  |c 1996 
650 7 |a GEOGRAFIA MUNDIAL  |2 CL-VaPUC  |9 367009 
651 0 |a América Latina   |9 255027 
583 |a last modification  |c 20160623 20:48:00  |k Rodrigo Vera 
999 |c 364985  |d 364983 
952 |0 0  |1 0  |3 erd  |4 0  |6 910_000000000000000_COR_1996  |7 0  |8 C  |9 478649  |a BIBCUR  |b BIBCUR  |i 5269857  |o 910 COR 1996  |p 5269857  |r 2025-04-22  |w 2019-11-24  |y BK  |z Catalogado en:20160623  |k EXP